|
|
|
|
| LEADER |
00000nab a2200000 ar4500 |
| 001 |
vtls009156969 |
| 003 |
SK-MaSNL |
| 005 |
20260303064404.0 |
| 008 |
071107c1976 xo |r|p|||||||000 b|slo |
| 015 |
|
|
|a SNBRB2007/11
|2 snkbucl
|
| 038 |
|
|
|a SNKBUCL
|
| 040 |
|
|
|a SNKBUCL
|b slo
|c SNKBUCL
|e AACR2
|
| 041 |
|
|
|a slo
|
| 044 |
|
|
|a xo
|c SK
|
| 080 |
|
|
|a 792.9.079
|2 1997
|
| 100 |
1 |
|
|a Szöke, Štefan
|4 aut
|9 428412
|
| 245 |
1 |
0 |
|a Bilancovanie košických bábkarov
|c Štefa Szöke
|
| 300 |
|
|
|b Obr.
|
| 611 |
2 |
7 |
|a Súťaž bábkarských súborov
|n (
|d 1976 :
|c Košice, Slovensko)
|2 snkbucl
|9 1062989
|
| 651 |
|
7 |
|a Košice (Slovensko)
|2 snkbucl
|9 18694
|
| 773 |
0 |
|
|t Československý loutkář
|g Roč. 26, č. 7 (1976), s. 158
|
| 852 |
|
|
|a SNK
|b KIS3GCP
|
| 958 |
|
|
|a SK
|
| 999 |
|
|
|c 1746915
|d 1748845
|